All Modern-Day Countries Ever Controlled by Aragon - Statistics

General Stats
  • This quiz has been taken 11,604 times
  • The average score is 12 of 12
Answers on the Map
Answers color-coded by a green-red scale on the quiz's map according to % correct below.
 
Answer Stats
Countries % Correct
France
100%
Italy
100%
Spain
100%
Andorra
99%
Bosnia and Herzegovina
99%
Croatia
99%
Greece
99%
Serbia
98%
Malta
97%
Montenegro
97%
Algeria
96%
Libya
96%
No matching quizzes found
Score Distribution
Percent of People with Each Score
Percentile by Number Answered
Your Score History
You have not taken this quiz